[Event "2.ligaD04/05-2"]
[Site "?"]
[Date "2004.11.07"]
[Round "?"]
[White "Lastovicka, Jiri"]
[Black "Zigo, Viktor"]
[Result "1/2-1/2"]
[WhiteElo "2110"]
[BlackElo "2274"]
[PlyCount "38"]
[EventDate "2004.??.??"]

{409MB, Fritz8.ctg, EXEO} 1. Nf3 d5 2. g3 Nf6 3. Bg2 Bf5 4. O-O e6 5. d3 h6 6.
Nbd2 Bc5 7. e3 O-O 8. Qe2 Nbd7 9. e4 Bh7 10. e5 Ne8 11. Nb3 Bb6 12. h4 a5 13.
a4 c6 14. Bf4 Nc7 15. Bh3 Qe7 16. h5 Rae8 17. Bd2 Ra8 18. Bf4 Rae8 19. Bd2 Ra8
1/2-1/2

[Event "2.ligaD04/05-2"]
[Site "?"]
[Date "2004.11.07"]
[Round "?"]
[White "Kalendovsky, Jan"]
[Black "Kozlicek, Lubomir"]
[Result "0-1"]
[WhiteElo "2123"]
[BlackElo "2147"]
[PlyCount "40"]
[EventDate "2004.??.??"]

{409MB, Fritz8.ctg, EXEO} 1. e4 d5 2. exd5 Nf6 3. d4 Nxd5 4. Bc4 Bf5 5. Nf3 e6
6. O-O Be7 7. c3 O-O 8. Qe2 c5 9. h3 Nc6 10. Rd1 cxd4 11. Nxd4 Nxd4 12. Rxd4
Bc5 13. Rd1 Rc8 14. Bxd5 exd5 15. Bf4 Re8 16. Qf3 Be4 17. Qg3 Rc6 18. Nd2 Rg6
19. Nxe4 Rxg3 20. Nxg3 Qh4 0-1

[Event "2.ligaD04/05-2"]
[Site "?"]
[Date "2004.11.07"]
[Round "?"]
[White "Vechet, Stanislav"]
[Black "Piza, Vlastimil"]
[Result "1-0"]
[WhiteElo "2248"]
[BlackElo "2284"]
[PlyCount "75"]
[EventDate "2004.??.??"]

{409MB, Fritz8.ctg, EXEO} 1. d4 Nf6 2. g3 g6 3. Bg2 Bg7 4. e4 d6 5. Nc3 O-O 6.
Nge2 Nbd7 7. h3 e5 8. Be3 exd4 9. Bxd4 Re8 10. O-O Nf8 11. f4 h5 12. Qd3 Ne6
13. Bf2 Nd7 14. Rad1 a5 15. a4 Ndc5 16. Qd2 Bh6 17. g4 hxg4 18. hxg4 Nd7 19. g5
Bg7 20. b3 f6 21. gxf6 Bxf6 22. f5 gxf5 23. exf5 Ng5 24. Nd5 Ne5 25. Be3 Nef7
26. Nec3 Bd7 27. Nxf6+ Qxf6 28. Nd5 Qd8 29. Bxg5 Nxg5 30. f6 Re5 31. Rde1 Nf7
32. Rxe5 dxe5 33. Ne7+ Kf8 34. Qe3 Bc6 35. Bxc6 bxc6 36. Ng6+ Kg8 37. Nxe5 Qd5
38. Qg3+ 1-0

[Event "2.ligaD04/05-2"]
[Site "?"]
[Date "2004.11.07"]
[Round "?"]
[White "Brychta, Jan"]
[Black "Symersky, Petr"]
[Result "1-0"]
[WhiteElo "2171"]
[BlackElo "2091"]
[PlyCount "87"]
[EventDate "2004.??.??"]

{409MB, Fritz8.ctg, EXEO} 1. Nf3 d5 2. g3 Nf6 3. Bg2 g6 4. O-O Bg7 5. d3 O-O 6.
Nbd2 Re8 7. e4 dxe4 8. dxe4 e5 9. Qe2 Nc6 10. c3 Qe7 11. a4 b6 12. Nc4 a5 13.
b3 Ba6 14. Bh3 Red8 15. Nfd2 Nd7 16. Ba3 Qe8 17. Rfd1 Bf8 18. Bxf8 Qxf8 19.
Bxd7 Rxd7 20. Nf1 Rad8 21. Nfe3 f6 22. Rxd7 Rxd7 23. Rd1 Rxd1+ 24. Qxd1 Bxc4
25. Nxc4 Qd8 26. Qd5+ Qxd5 27. exd5 Ne7 28. d6 cxd6 29. Nxb6 d5 30. b4 d4 31.
cxd4 axb4 32. dxe5 b3 33. Nc4 fxe5 34. a5 Nc8 35. a6 Kf7 36. Kf1 Ke6 37. Ke2
Nb6 38. a7 Na8 39. Kd3 Kd5 40. Kc3 Ke4 41. Kxb3 Kf3 42. Nxe5+ Kxf2 43. Kb4 Kg2
44. Kc5 1-0

[Event "2.ligaD04/05-2"]
[Site "?"]
[Date "2004.11.07"]
[Round "?"]
[White "Novotny, Bohuslav"]
[Black "Vrtal, Jaroslav"]
[Result "1-0"]
[WhiteElo "2111"]
[BlackElo "2143"]
[PlyCount "87"]
[EventDate "2004.??.??"]

{409MB, Fritz8.ctg, EXEO} 1. e4 c5 2. b3 d6 3. Bb2 Nf6 4. Nc3 e6 5. f4 Be7 6.
Nf3 O-O 7. Be2 a6 8. a4 b6 9. O-O Bb7 10. d3 d5 11. e5 Ng4 12. Qd2 Nd7 13. h3
Nh6 14. g4 f6 15. exf6 Bxf6 16. d4 Rc8 17. Rae1 Re8 18. Nd1 cxd4 19. g5 Nf5 20.
gxf6 Nxf6 21. Bd3 Ne4 22. Bxe4 dxe4 23. Nxd4 e3 24. Nxe3 Qh4 25. Nexf5 exf5 26.
Kh2 Be4 27. Qf2 Qh6 28. Rg1 g6 29. c4 Red8 30. Ba1 b5 31. axb5 axb5 32. cxb5
Rc5 33. Rc1 Rcd5 34. Rgf1 Qh5 35. Rc7 R5d6 36. Rc5 Kf7 37. Rc7+ Ke8 38. Bb2 Qh6
39. Bc3 Rb6 40. Qe3 Ra8 41. Ra1 Rxa1 42. Bxa1 Rb8 43. Ne6 Ra8 44. Qc3 1-0

[Event "2.ligaD04/05-2"]
[Site "?"]
[Date "2004.11.07"]
[Round "?"]
[White "Sedlacek, Oldrich"]
[Black "Sochna, Dusan"]
[Result "1-0"]
[WhiteElo "2193"]
[BlackElo "2190"]
[PlyCount "119"]
[EventDate "2004.??.??"]

{409MB, Fritz8.ctg, EXEO} 1. Nf3 c5 2. g3 Nc6 3. d4 cxd4 4. Nxd4 Qb6 5. Nb3 Nf6
6. Bg2 g6 7. O-O Bg7 8. c4 d6 9. Nc3 O-O 10. Bg5 Be6 11. Nd5 Bxd5 12. cxd5 Na5
13. Nxa5 Qxa5 14. Qb3 h6 15. Bc1 b6 16. Rd1 Rac8 17. Bd2 Qa6 18. e4 Qe2 19. Bf3
Qa6 20. Re1 Qb7 21. Rac1 Rxc1 22. Rxc1 Rc8 23. Qa4 Rxc1+ 24. Bxc1 Kf8 25. b4
Ne8 26. Be3 h5 27. Kg2 Qc7 28. Qc6 Qxc6 29. dxc6 Bc3 30. b5 Nc7 31. a4 Kg7 32.
Kf1 f6 33. Ke2 Kh7 34. Bg2 Kg7 35. f4 e5 36. Kd3 Bb4 37. Bf3 Kh7 38. Bc1 Kg7
39. Bb2 Kf7 40. f5 Kg7 41. Bc1 Bc5 42. fxg6 Kxg6 43. h4 Bb4 44. g4 hxg4 45.
Bxg4 Bc5 46. h5+ Kg7 47. h6+ Kh8 48. Bf5 Kg8 49. Bd2 Kh8 50. Be1 d5 51. exd5
Nxd5 52. Ke4 Nc7 53. Bh4 Be7 54. Bf2 Bd8 55. Bg6 Kg8 56. Kf5 Be7 57. Bh4 e4 58.
Bxf6 Bxf6 59. Kxf6 e3 60. Bd3 1-0

[Event "2.ligaD04/05-2"]
[Site "?"]
[Date "2004.??.??"]
[Round "11.1"]
[White "Tomasek, Milan"]
[Black "Adam, Petr"]
[Result "1-0"]
[WhiteElo "2249"]
[BlackElo "2129"]
[PlyCount "121"]
[EventDate "2004.??.??"]

1. e4 g6 2. d4 Bg7 3. c3 d6 4. Bd3 Nc6 5. Ne2 e5 6. Be3 Nf6 7. d5 Nb8 8. f3
Nbd7 9. c4 Nh5 10. Nbc3 Bf6 11. Qd2 Nc5 12. Bc2 a5 13. O-O O-O 14. a3 a4 15. g4
Ng7 16. Ng3 Bd7 17. Kh1 Bh4 18. Rg1 f6 19. Qd1 Bg5 20. Bxc5 dxc5 21. Bxa4 Bxa4
22. Nxa4 Be3 23. Rg2 Bd4 24. Qc2 Ne8 25. Nc3 Nd6 26. Nb5 Nxb5 27. cxb5 Qd7 28.
Qc4 Ra5 29. a4 Rfa8 30. d6+ Kh8 31. dxc7 Qxc7 32. Ra2 Qd7 33. Rd2 b6 34. b3 Qg7
35. Qe6 Rb8 36. Ne2 Ra7 37. Qd6 Qf8 38. Qxf8+ Rxf8 39. Kg2 Kg7 40. Rac2 f5 41.
gxf5 gxf5 42. Ng3 fxe4 43. fxe4 Kf6 44. Rd3 Ke6 45. Rf3 Rg8 46. Rc1 h5 47. Rcf1
Rg6 48. Kh3 h4 49. Kxh4 c4 50. bxc4 Rxa4 51. Kh5 Rg8 52. Rf6+ Ke7 53. Rc6 Ra2
54. Nf5+ Kd7 55. h4 Rag2 56. Nh6 R8g7 57. Rff6 Bc5 58. Rf5 Be7 59. Rxe5 Bxh4
60. Rd5+ Ke8 61. Rc8+ 1-0

[Event "2.ligaD04/05-2"]
[Site "?"]
[Date "2004.??.??"]
[Round "11.2"]
[White "Kavan, Zdenek"]
[Black "Cely, Jaroslav"]
[Result "1/2-1/2"]
[WhiteElo "2190"]
[BlackElo "2181"]
[PlyCount "29"]
[EventDate "2004.??.??"]

1. c4 e5 2. Nc3 Nc6 3. g3 g6 4. Bg2 Bg7 5. e3 Nge7 6. Nge2 O-O 7. O-O d6 8. d4
exd4 9. Nxd4 Nxd4 10. exd4 Nf5 11. d5 Re8 12. Ne4 h6 13. Rb1 a5 14. Bd2 b6 15.
Re1 1/2-1/2

[Event "2.ligaD04/05-2"]
[Site "?"]
[Date "2004.??.??"]
[Round "11.3"]
[White "Siebenburger, Vlastimil"]
[Black "Dvorak, Libor"]
[Result "0-1"]
[WhiteElo "2196"]
[BlackElo "2021"]
[PlyCount "110"]
[EventDate "2004.??.??"]

1. d4 Nf6 2. e3 g6 3. Bd3 Bg7 4. f4 d6 5. Nf3 c5 6. O-O O-O 7. c3 Nbd7 8. f5 e5
9. fxe6 fxe6 10. e4 e5 11. Ng5 Qe7 12. Bc4+ Kh8 13. Ne6 Nb6 14. Nxf8 Nxc4 15.
Qe2 Nb6 16. dxc5 dxc5 17. Bg5 Qxf8 18. Qf2 Nbd7 19. Nd2 b6 20. Qh4 Ba6 21. Rf2
Qd6 22. Re1 Rf8 23. Re3 Qe6 24. Rh3 Qg4 25. Bxf6 Nxf6 26. Qxg4 Nxg4 27. Rxf8+
Bxf8 28. Rg3 Bh6 29. Rxg4 Be3+ 30. Kh1 Bxd2 31. Rg3 Bf4 32. Rf3 Bb7 33. Rd3
Bxe4 34. Rd8+ Kg7 35. Rd7+ Kf6 36. Rxh7 a5 37. Kg1 Bd3 38. Kf2 Bd2 39. Rb7 e4
40. Rxb6+ Ke5 41. Rb8 e3+ 42. Kf3 e2 43. Re8+ Kd5 44. Rxe2 Bxe2+ 45. Kxe2 Bc1
46. b3 Ke4 47. Kd1 Bf4 48. g3 Be5 49. Kc2 Ke3 50. a4 Bd6 51. h3 Bxg3 52. b4 c4
53. bxa5 Bd6 54. a6 Bc5 55. a5 g5 0-1

[Event "2.ligaD04/05-2"]
[Site "?"]
[Date "2004.??.??"]
[Round "11.4"]
[White "Fojtach, Ivan"]
[Black "Krondraf, Karel"]
[Result "0-1"]
[WhiteElo "2045"]
[BlackElo "2153"]
[PlyCount "100"]
[EventDate "2004.??.??"]

1. Nf3 Nf6 2. g3 g6 3. Bg2 Bg7 4. O-O O-O 5. c4 e6 6. d4 d5 7. Nc3 Nbd7 8. b3
c5 9. cxd5 Nxd5 10. Nxd5 exd5 11. Bg5 Qa5 12. Rc1 cxd4 13. Nxd4 a6 14. Rc2 Nf6
15. Qc1 Re8 16. Bh6 Bh8 17. Rd1 Ne4 18. Bxe4 dxe4 19. Qg5 Qxg5 20. Bxg5 Bg4 21.
Kg2 Rac8 22. h3 Rxc2 23. Nxc2 Bxe2 24. Rd7 Bf3+ 25. Kh2 Rc8 26. Nb4 Bd4 27. Bh6
Bg7 28. Nd5 Re8 29. Be3 f5 30. Bb6 Kh8 31. a4 Be5 32. a5 g5 33. Be3 f4 34. gxf4
gxf4 35. Bxf4 Bxf4+ 36. Nxf4 Rf8 37. Ne6 Rg8 38. Rd8 Rxd8 39. Nxd8 Kg7 40. Nxb7
e3 41. fxe3 Bxb7 42. Kg3 Kf6 43. Kf4 Bd5 44. b4 Bc6 45. h4 Bb7 46. Kg4 Ke5 47.
Kg5 Be4 48. Kg4 Bd3 49. Kg5 Ke4 50. b5 axb5 0-1

[Event "2.ligaD04/05-2"]
[Site "?"]
[Date "2004.??.??"]
[Round "11.5"]
[White "Bukacek, Lubomir"]
[Black "Skrenek, Jiri"]
[Result "0-1"]
[WhiteElo "2109"]
[BlackElo "2046"]
[PlyCount "168"]
[EventDate "2004.??.??"]

1. d4 d5 2. Nf3 Nf6 3. Bf4 e6 4. e3 c5 5. c3 cxd4 6. exd4 Bd6 7. Ne5 O-O 8. Bd3
Ne4 9. f3 f6 10. fxe4 fxe5 11. Bg3 exd4 12. exd5 Qf6 13. Bxh7+ Kxh7 14. Qc2+
Kg8 15. Bxd6 Re8 16. Qe2 Bd7 17. Be5 d3 18. Bxf6 dxe2 19. dxe6 gxf6 20. exd7
Nxd7 21. Nd2 Nc5 22. Nf3 Rad8 23. Nd4 Nd3+ 24. Kd2 e1=Q+ 25. Raxe1 Nxe1 26.
Rxe1 Rxe1 27. Kxe1 Kf7 28. Kf2 Kg6 29. Kf3 Re8 30. Nb5 a6 31. Nd6 Re7 32. a4
Rd7 33. Nc4 Kg5 34. g3 Rd5 35. h4+ Kg6 36. Ke4 Rd1 37. a5 Rg1 38. Kf4 Rf1+ 39.
Ke4 Re1+ 40. Kf4 Rd1 41. Ne3 Rd2 42. Nc4 Rf2+ 43. Ke3 Rg2 44. Kf3 Rc2 45. g4
Rh2 46. Kg3 Re2 47. Kf3 Re6 48. Kf4 Rc6 49. b3 Rc5 50. Ke4 Rc6 51. g5 Rc7 52.
gxf6 Kxf6 53. Kd4 Ke6 54. Nb6 Rh7 55. Kc5 Rh5+ 56. Kb4 Rxh4+ 57. c4 Rh5 58. Na4
Kd6 59. Nb6 Ke5 60. Na4 Kd4 61. Nb6 Kd3 62. Nd5 Kc2 63. Ka4 Re5 64. Ka3 Re1 65.
Kb4 Ra1 66. Ne3+ Kb2 67. c5 Re1 68. Nc4+ Kc2 69. Na3+ Kd3 70. Nc4 Re4 71. c6
bxc6 72. Kc5 Kc3 73. Kxc6 Re6+ 74. Kb7 Kxb3 75. Nb6 Kb4 76. Kxa6 Kc5 77. Kb7
Kb5 78. Nd5 Rd6 79. a6 Rxd5 80. a7 Rd7+ 81. Kb8 Kb6 82. a8=N+ Kc6 83. Kc8 Rh7
84. Kb8 Rg7 0-1

[Event "2.ligaD04/05-2"]
[Site "?"]
[Date "2004.??.??"]
[Round "11.6"]
[White "Nekula, Richard"]
[Black "Vasut, Karel"]
[Result "0-1"]
[WhiteElo "2089"]
[BlackElo "2136"]
[PlyCount "72"]
[EventDate "2004.??.??"]

1. e4 Nf6 2. Nc3 d5 3. e5 d4 4. Nb5 Ng4 5. f4 a6 6. Be2 axb5 7. Bxg4 Bxg4 8.
Qxg4 Nc6 9. e6 Qd5 10. exf7+ Qxf7 11. Nf3 h5 12. Qg3 O-O-O 13. d3 Qe6+ 14. Kd1
Rd5 15. Re1 Qg4 16. Qf2 e5 17. Re4 exf4 18. Bxf4 Qg6 19. a4 b4 20. a5 Bd6 21.
a6 b6 22. Bxd6 Qxd6 23. Qe2 Rd8 24. Re6 Qd7 25. Kd2 Kb8 26. Qe4 Ka7 27. h4 Rc5
28. Ng5 Rf8 29. Nf3 Rf6 30. Re8 Qf5 31. Re7 Rf7 32. Qxf5 Rcxf5 33. Re4 Rd7 34.
Rae1 Kxa6 35. R1e2 Rfd5 36. Re6 Kb7 0-1

[Event "2.ligaD04/05-2"]
[Site "?"]
[Date "2004.11.07"]
[Round "11.7"]
[White "Carbol, Jaroslav"]
[Black "Horky, Jaroslav"]
[Result "1/2-1/2"]
[WhiteElo "2095"]
[BlackElo "1947"]
[PlyCount "93"]
[EventDate "2004.??.??"]

1. e4 d5 2. exd5 Nf6 3. d4 Qxd5 4. Nf3 Bg4 5. Be2 e6 6. h3 Bh5 7. c4 Qd8 8. Nc3
c5 9. Be3 Nbd7 10. Qa4 Qb6 11. O-O-O O-O-O 12. d5 Bd6 13. dxe6 fxe6 14. Rd2 Be8
15. Qa3 Be7 16. Rhd1 Bg6 17. Bf4 Nb8 18. Nb5 Nc6 19. Bc7 Rxd2 20. Bxb6 Rc2+ 21.
Kb1 Rc3+ 22. Ka1 Rxa3 23. Nxa3 axb6 24. Ng5 Nd4 25. Bf1 Rd8 26. Re1 Ne4 27.
Nxe4 Bxe4 28. Rxe4 Nc2+ 29. Kb1 Nxa3+ 30. Kc1 Nb1 31. Be2 Nd2 32. Rxe6 Bf6 33.
Kc2 Kc7 34. Bd3 Bg5 35. h4 Bh6 36. Re7+ Kb8 37. g4 Bf4 38. Rxg7 Nf3 39. Be4
Rd2+ 40. Kb3 Nd4+ 41. Ka3 Nc6 42. Bxc6 bxc6 43. Rxh7 Be5 44. g5 Rxb2 45. Re7
Bd4 46. g6 Rxf2 47. g7 1/2-1/2

[Event "2.ligaD04/05-2"]
[Site "?"]
[Date "2004.??.??"]
[Round "11.8"]
[White "Mucha, Karel"]
[Black "Bilek, Roman"]
[Result "0-1"]
[WhiteElo "1940"]
[BlackElo "2108"]
[PlyCount "84"]
[EventDate "2004.??.??"]

1. e4 c5 2. Nf3 Nc6 3. d4 cxd4 4. Nxd4 Nf6 5. Nc3 e5 6. Ndb5 d6 7. Bg5 a6 8.
Bxf6 gxf6 9. Na3 b5 10. Nd5 Bg7 11. c3 f5 12. Bd3 Be6 13. Nc2 Bxd5 14. exd5 Ne7
15. Qh5 e4 16. Be2 Qc8 17. O-O Qc5 18. Rad1 Nxd5 19. g3 Ne7 20. Ne3 O-O 21. Rd2
Rad8 22. Rfd1 Qe5 23. Nd5 Ng6 24. Nc7 e3 25. Rd5 exf2+ 26. Kxf2 Qe7 27. Nxa6
Qa7+ 28. Kf1 Qxa6 29. Rxf5 Qxa2 30. Rxb5 f5 31. Rb4 Kh8 32. Bd3 Qd5 33. Rb5
Qh1+ 34. Kf2 Qc6 35. Kg1 Ne5 36. Be2 f4 37. Rbd5 fxg3 38. hxg3 Qb6+ 39. R5d4
Qxb2 40. Rh4 h6 41. Rh2 Qxc3 42. Qg5 Rd7 0-1

[Event "2.ligaD04/05-2"]
[Site "?"]
[Date "2004.11.07"]
[Round "2"]
[White "Hladik, Josef"]
[Black "Riska, Lubomir"]
[Result "1/2-1/2"]
[WhiteElo "2216"]
[BlackElo "2207"]
[PlyCount "90"]
[EventDate "2004.??.??"]

1. Nf3 c5 2. e4 e6 3. c3 d5 4. exd5 Qxd5 5. d4 Nf6 6. Be2 Nc6 7. dxc5 Qxd1+ 8.
Bxd1 Bxc5 9. O-O a5 10. a4 b6 11. Be2 O-O 12. Nbd2 Rd8 13. Nb3 Be7 14. Bf4 Ba6
15. Bb5 Nd5 16. Bg3 Rdc8 17. Bxa6 Rxa6 18. Rfd1 Kf8 19. Nbd2 Ra7 20. Ne4 Rd8
21. c4 Nf6 22. Rxd8+ Nxd8 23. Nxf6 gxf6 24. Rd1 Ke8 25. Kf1 Rd7 26. Ke2 Nb7 27.
b3 Nc5 28. Rxd7 Kxd7 29. Nd2 f5 30. Bf4 Bf6 31. Kd1 Nd3 32. Be3 Kc6 33. Ke2
Nc1+ 34. Kd1 Nd3 35. Ke2 Nc5 36. Kd1 e5 37. Kc2 Na6 38. f3 h5 39. Nb1 Nb4+ 40.
Kd2 Na2 41. Na3 Nb4 42. Nb5 Na6 43. Nc3 Nb4 44. Nb5 Na6 45. Nc3 Nb4 {
(1.53-2.29)} 1/2-1/2

[Event "2.ligaD04/05-2"]
[Site "?"]
[Date "2004.11.07"]
[Round "2"]
[White "Skaroupka, Jiri"]
[Black "Uhmann, Jan"]
[Result "0-1"]
[WhiteElo "2136"]
[BlackElo "2233"]
[PlyCount "82"]
[EventDate "2004.??.??"]

1. d4 d5 2. c4 e6 3. Nc3 Nf6 4. Bg5 Be7 5. e3 O-O 6. Rc1 Nbd7 7. Nf3 b6 8. cxd5
exd5 9. Bb5 Bb7 10. O-O c5 11. Qc2 a6 12. Bxd7 Nxd7 13. Bxe7 Qxe7 14. dxc5 bxc5
15. Qf5 Qe6 16. Qf4 d4 17. exd4 Bxf3 18. Rfe1 Qg6 19. Qxf3 cxd4 20. Nd5 Kh8 21.
Red1 Qg5 22. Rc7 Rad8 23. Nf4 Ne5 24. Qg3 Qf5 25. Nd3 Ng6 26. Rc5 Qe6 27. h4
Rfe8 28. h5 Nf8 29. a3 h6 30. Rd2 Qb3 31. Qf3 Ne6 32. Rc6 Ng5 33. Qf5 Ne4 34.
Rdc2 Qxd3 35. Rc8 Qd1+ 36. Kh2 Nd6 37. Rxd8 Rxd8 38. Qc5 d3 39. Rc3 Ne4 40. Qe7
Qxh5+ 41. Kg1 Qd5 {(2.08-1.00)} 0-1

[Event "2.ligaD04/05-2"]
[Site "?"]
[Date "2004.11.07"]
[Round "2"]
[White "Svehla, Karel"]
[Black "Molik, Zdenek"]
[Result "1-0"]
[WhiteElo "2151"]
[BlackElo "2203"]
[PlyCount "168"]
[EventDate "2004.??.??"]

1. f4 d5 2. Nf3 Nf6 3. e3 g6 4. b3 Bg7 5. Bb2 O-O 6. d4 Bg4 7. Be2 c6 8. O-O
Ne4 9. Nbd2 Nd6 10. Ne5 Bxe2 11. Qxe2 Nd7 12. c4 e6 13. Ba3 Nf6 14. g4 Re8 15.
Bxd6 Qxd6 16. g5 Nd7 17. c5 Qe7 18. Ndf3 f6 19. Nxd7 Qxd7 20. h4 Bh8 21. gxf6
Bxf6 22. Qh2 Qg7 23. Qh3 Re7 24. Rac1 Qh6 25. Qg4 Qf8 26. Rc2 Bg7 27. Rh2 Qf5
28. Qxf5 exf5 29. Kf2 Bf6 30. h5 Rae8 31. hxg6 hxg6 32. Re1 Rh7 33. Reh1 Rxh2+
34. Rxh2 Kg7 35. b4 a5 36. bxa5 Ra8 37. Kg3 Rxa5 38. Rb2 Ra7 39. Ng5 Kg8 40.
Kf3 Bd8 41. Rb3 Ba5 42. Ra3 Kf8 43. Ke2 Ke7 44. Kd3 Ra6 45. Nf3 Kf6 46. Ne5 Ra7
47. Ke2 g5 48. fxg5+ Kxg5 49. Kf3 Kf6 50. Nd3 Bb6 51. Rb3 Bc7 52. Rb2 Kg5 53.
Nf4 Kf6 54. Rh2 Bb8 55. Rh7 Rxa2 56. Rxb7 Bxf4 57. Kxf4 Rh2 58. Rc7 Rh4+ 59.
Kg3 Re4 60. Rxc6+ Kg5 61. Kf3 f4 62. exf4+ Kf5 63. Rc8 Rxd4 64. Rf8+ Ke6 65.
Rd8 Kf5 66. Rf8+ Ke6 67. Rh8 Kd7 68. Rh6 Ke7 69. Rd6 Rd1 70. Ke2 Rd4 71. Ke3
Rd1 72. f5 Kf7 73. Kf4 d4 74. Ke4 d3 75. Rxd3 Rc1 76. Rd7+ Ke8 77. Rd5 Ke7 78.
Ke5 Re1+ 79. Kd4 Rc1 80. Rd6 Rf1 81. Ke5 Rh1 82. f6+ Ke8 83. Ke6 Re1+ 84. Kd5
Rc1 {(Time! 2.40-3.00)} 1-0

[Event "2.ligaD04/05-2"]
[Site "?"]
[Date "2004.11.07"]
[Round "2"]
[White "Vlk, Miroslav"]
[Black "Bakos, Eduard"]
[Result "1-0"]
[WhiteElo "2115"]
[BlackElo "2119"]
[PlyCount "97"]
[EventDate "2004.??.??"]

1. d4 Nf6 2. c4 g6 3. Nc3 Bg7 4. e4 d6 5. f3 O-O 6. Be3 e5 7. d5 Nh5 8. Qd2 f5
9. O-O-O a5 10. Bd3 f4 11. Bf2 Qg5 12. g4 Bxg4 13. h4 Bxf3 14. hxg5 Bxh1 15.
Bf1 Na6 16. Bh4 Nc5 17. Qh2 Bxe4 18. Bf2 Bf5 19. Bxc5 dxc5 20. Bg2 Ng3 21. Re1
Rae8 22. Ne4 Nxe4 23. Bxe4 Bxe4 24. Rxe4 f3 25. Qf2 Rf5 26. Nh3 Ref8 27. Kd1 b6
28. Ke1 R8f7 29. Kf1 Rf8 30. Qh4 R8f7 31. Nf2 Rf4 32. Qh3 R4f5 33. Qh4 Rf4 34.
Qh3 R4f5 35. Qg3 Rf8 36. Rh4 e4 37. Rxe4 Bxb2 38. Qxc7 Rxg5 39. Qxb6 Bd4 40.
Qe6+ Kh8 41. d6 Bxf2 42. Kxf2 Rg2+ 43. Kf1 Rd2 44. Re1 f2 45. Rb1 Rd4 46. d7
Rh4 47. Ke2 Rd4 48. Rf1 Kg7 49. Rxf2 {(2.42-2.30)} 1-0

[Event "2.ligaD04/05-2"]
[Site "?"]
[Date "2004.11.07"]
[Round "2"]
[White "Stefl, Vladimir"]
[Black "Dobes, Oldrich"]
[Result "0-1"]
[WhiteElo "2135"]
[BlackElo "2066"]
[PlyCount "80"]
[EventDate "2004.??.??"]

1. e4 c5 2. Nf3 d6 3. d4 cxd4 4. Qxd4 Bd7 5. c4 Nc6 6. Qd2 Nf6 7. Nc3 g6 8. b3
Bg7 9. Bb2 Ng4 10. Be2 O-O 11. O-O Qa5 12. Rad1 Be6 13. Nd5 Qxa2 14. Bxg7 Qxd2
15. Nxd2 Kxg7 16. Nc7 Nge5 17. Nxa8 Rxa8 18. Nf3 Bg4 19. Rd2 Nd7 20. Bd1 Nc5
21. Re1 f6 22. h3 Bxf3 23. gxf3 g5 24. Kg2 Ne6 25. Ra2 Nf4+ 26. Kg3 Ne5 27. Re3
Ned3 28. Rd2 Ne5 29. Rc3 Rc8 30. Ra2 a6 31. Ra5 Nc6 32. Ra4 a5 33. c5 dxc5 34.
Rxc5 Rd8 35. Bc2 Rd2 36. Rac4 Ne5 37. Rxe5 fxe5 38. Rc7 Ne2+ 39. Kg4 Kg6 40. b4
h5# {(2.00-1.50)} 0-1

[Event "2.ligaD04/05-2"]
[Site "?"]
[Date "2004.11.07"]
[Round "2"]
[White "Docekal, Jan"]
[Black "Cip, Dalibor"]
[Result "0-1"]
[WhiteElo "2120"]
[BlackElo "2210"]
[PlyCount "134"]
[EventDate "2004.??.??"]

1. e4 c5 2. Nc3 d6 3. f4 Nc6 4. Nf3 Nf6 5. Be2 e6 6. O-O Be7 7. d3 O-O 8. Kh1
a6 9. a4 Rb8 10. d4 cxd4 11. Nxd4 Qc7 12. Be3 Bd7 13. Nb3 Na5 14. Nxa5 Qxa5 15.
Qe1 Qc7 16. Qg3 Bc6 17. f5 exf5 18. Bh6 Ne8 19. Rxf5 Kh8 20. Be3 Bf6 21. Bd3
Be5 22. Qh4 f6 23. Nd5 Bxd5 24. exd5 g6 25. Rf3 f5 26. g4 Bxb2 27. Rg1 Bf6 28.
Qh3 fxg4 29. Rxg4 Kg8 30. Rgf4 Qe7 31. Bd4 Bg7 32. Rxf8+ Bxf8 33. Re3 Qf7 34.
Qg2 Bg7 35. Rf3 Qe7 36. Re3 Qd7 37. Ba7 Ra8 38. Bb6 Be5 39. Rh3 Nf6 40. a5 Kg7
41. Be3 Re8 42. Rh4 Qc7 43. Qg5 Qf7 44. c4 Nh5 45. Kg2 Rf8 46. Kg1 Qf3 47. Rxh5
Qxh5 48. Qxh5 gxh5 49. Kg2 h4 50. h3 Bc3 51. Bb6 h6 52. Be2 Kf6 53. Bg4 Rg8 54.
Kf3 Ke5 55. Be3 Rf8+ 56. Ke2 Bxa5 57. Bxh6 Rg8 58. Be3 Bb4 59. Bf2 a5 60. Kd3
a4 61. Bxh4 a3 62. Bf2 Kf4 63. Bd4 Re8 64. Be6 Ra8 65. Ba1 Bc5 66. h4 a2 67. h5
Kg5 {a cerny vyhral. 2.59-2.56)} 0-1

[Event "2.ligaD04/05-2"]
[Site "?"]
[Date "2004.11.07"]
[Round "2"]
[White "Masak, Pavel"]
[Black "Mlensky, Dalibor"]
[Result "0-1"]
[WhiteElo "2055"]
[BlackElo "2093"]
[PlyCount "144"]
[EventDate "2004.??.??"]

1. c4 e6 2. Nc3 b6 3. Nf3 Bb7 4. g3 Bxf3 5. exf3 c5 6. Bg2 Nc6 7. O-O g6 8. f4
Bg7 9. Nb5 Nge7 10. d4 cxd4 11. Nd6+ Kf8 12. b3 a6 13. Ba3 Kg8 14. Qd3 Ra7 15.
Rad1 Qb8 16. Rfe1 f5 17. c5 b5 18. b4 h6 19. h4 Kh7 20. h5 gxh5 21. Bf3 Rf8 22.
Kg2 Qc7 23. Qb1 Nc8 24. Nxc8 Qxc8 25. Bxh5 a5 26. bxa5 Nxa5 27. Qxb5 Qc6+ 28.
Qxc6 Nxc6 29. Bb2 Rxa2 30. Ba1 Rc8 31. Bf3 Ra7 32. Bb2 Nb4 33. c6 dxc6 34. Bxd4
Bxd4 35. Rxd4 Nc2 36. Rdd1 Nxe1+ 37. Rxe1 Re7 38. Re5 Kg7 39. Rc5 Kf6 40. Rxc6
Rxc6 41. Bxc6 Rc7 42. Be8 Rc2 43. Kf3 e5 44. fxe5+ Kxe5 45. Bg6 Kf6 46. Be8 Kg5
47. Bd7 Rc3+ 48. Kg2 Ra3 49. Bc8 Kg4 50. Bd7 h5 51. Be6 h4 52. gxh4 Ra5 53. h5
Kxh5 54. Kg3 Kg5 55. Bd7 Ra3+ 56. Kg2 Kf4 57. Bc8 Ra8 58. Be6 Ra6 59. Bd5 Rd6
60. Bb7 Rg6+ 61. Kf1 Rb6 62. Ba8 Kg4 63. Kg2 f4 64. Be4 Rb3 65. f3+ Kh4 66. Kf2
Rb2+ 67. Ke1 Kg3 68. Kf1 Rf2+ 69. Kg1 Rxf3 70. Bxf3 Kxf3 71. Kf1 Ke3 72. Ke1 f3
{(1.42-2.15)} 0-1

[Event "2.ligaD04/05-2"]
[Site "?"]
[Date "2004.11.07"]
[Round "2"]
[White "Fojtik, Tomas"]
[Black "Handl, Martin"]
[Result "1/2-1/2"]
[WhiteElo "2054"]
[BlackElo "2057"]
[PlyCount "59"]
[EventDate "2004.??.??"]

1. d4 Nf6 2. c4 g6 3. Nc3 Bg7 4. e4 d6 5. Nf3 O-O 6. Be2 e5 7. O-O Nc6 8. d5
Ne7 9. Ne1 c5 10. Rb1 Ne8 11. a3 f5 12. b4 b6 13. bxc5 bxc5 14. f3 f4 15. Nd3
g5 16. Bd2 Nf6 17. Nb5 a6 18. Nc3 h5 19. Nf2 Kh7 20. Na4 Nd7 21. Qe1 Rf6 22.
Ba5 Qg8 23. g4 fxg3 24. hxg3 Ng6 25. Bd2 Bh6 26. Qc1 Nf4 27. gxf4 gxf4+ 28. Kh1
Qg3 29. Rg1 Qxf2 30. Rg2 {(0.50-1.15)} 1/2-1/2

[Event "2.ligaD04/05-2"]
[Site "?"]
[Date "2004.??.??"]
[Round "?"]
[White "Lacko, Jan"]
[Black "Mlynek, Petr"]
[Result "1/2-1/2"]
[WhiteElo "2231"]
[BlackElo "2216"]
[PlyCount "41"]
[EventDate "2004.??.??"]

1. c4 c6 2. Nf3 d5 3. b3 Bf5 4. Bb2 e6 5. g3 Nf6 6. Bg2 Bc5 7. O-O h6 8. d3 O-O
9. Nc3 Nbd7 10. Qe1 Qe7 11. a3 a5 12. e4 Bh7 13. cxd5 cxd5 14. Qe2 Rfc8 15. e5
Ne8 16. d4 Bb6 17. Rac1 Rc6 18. Qe3 Rac8 19. Kh1 Bd8 20. Nb5 a4 21. Na7 1/2-1/2

[Event "2.ligaD04/05-2"]
[Site "?"]
[Date "2004.??.??"]
[Round "?"]
[White "Donnert, Milan"]
[Black "Macharacek, Simon"]
[Result "1-0"]
[WhiteElo "2196"]
[BlackElo "2209"]
[PlyCount "99"]
[EventDate "2004.??.??"]

1. e4 e5 2. Nf3 Nc6 3. Bb5 g6 4. Nc3 Bg7 5. d3 Nge7 6. h4 h6 7. Be3 d5 8. Bc5
d4 9. Ne2 a6 10. Ba4 b5 11. Bb3 Na5 12. h5 g5 13. Qd2 Nb7 14. Qb4 Nc6 15. Qa3
a5 16. Bd5 Bd7 17. Qb3 Nxc5 18. Qxb5 Nxd3+ 19. cxd3 Rb8 20. Qc4 Qf6 21. Bxc6
Bxc6 22. Qc2 Bb5 23. Ng3 O-O 24. Nf5 Rfc8 25. g4 c5 26. b3 Bf8 27. O-O Qe6 28.
Nd2 f6 29. Rfc1 Qa6 30. Nc4 Bd7 31. f3 Rb4 32. Ng3 Rcb8 33. Nf1 a4 34. Nfd2 Ra8
35. Rab1 Qc8 36. Qd1 Qb7 37. Kf2 axb3 38. axb3 Qc8 39. Ra1 Rbb8 40. Rxa8 Rxa8
41. Nb6 Qb7 42. Nxa8 Qxa8 43. Ra1 Qb7 44. Qc2 Bd6 45. Qc4+ Kf8 46. Qa6 Qxa6 47.
Rxa6 Ke7 48. Nc4 Bc7 49. Nb6 Bxb6 50. Rxb6 1-0

[Event "2.ligaD04/05-2"]
[Site "?"]
[Date "2004.??.??"]
[Round "?"]
[White "Bures, Vit"]
[Black "Svihel, Karel"]
[Result "1/2-1/2"]
[WhiteElo "2192"]
[BlackElo "2166"]
[PlyCount "37"]
[EventDate "2004.??.??"]

1. e4 Nf6 2. e5 Nd5 3. d4 d6 4. c4 Nb6 5. exd6 cxd6 6. Nc3 g6 7. h3 Bg7 8. Nf3
O-O 9. Be2 Nc6 10. O-O Bf5 11. Be3 d5 12. c5 Nc4 13. Bxc4 dxc4 14. Qa4 Bd3 15.
Rfd1 Qa5 16. Qxa5 Nxa5 17. Ne1 Bf5 18. g4 Bd7 19. f4 1/2-1/2

[Event "2.ligaD04/05-2"]
[Site "?"]
[Date "2004.??.??"]
[Round "?"]
[White "Komarek, David"]
[Black "Nepomucky, Ondrej"]
[Result "1/2-1/2"]
[WhiteElo "2147"]
[BlackElo "2215"]
[PlyCount "30"]
[EventDate "2004.??.??"]

1. d4 d5 2. Nf3 c5 3. dxc5 e6 4. e4 Bxc5 5. Bb5+ Nc6 6. O-O Nge7 7. exd5 exd5
8. Bg5 O-O 9. Nbd2 Bg4 10. Nb3 Bd6 11. Be2 Qc7 12. h3 Bh5 13. Nfd4 Bxe2 14.
Qxe2 h6 15. Be3 Rfe8 1/2-1/2